| LEADER | 01307nam a2200193 4500 | ||
|---|---|---|---|
| 082 | |a 796.334 |b L504th | ||
| 100 | |a Liên đoàn bóng đá Việt Nam | ||
| 245 | |a Luật bóng đá 7 người |c Liên đoàn bóng đá Việt Nam | ||
| 260 | |a H.: |b Thể dục thể thao, |c 2009 | ||
| 300 | |a 39tr.; |c 19cm. | ||
| 520 | |a Giới thiệu sân thi đấu; Bóng; Số lượng cầu thủ; Trang phục của cầu thủ; Trọng tài,... | ||
| 653 | |a Bóng đá | ||
| 942 | |2 ddc |c STK0 | ||
| 999 | |c 12051 |d 12051 | ||
| 952 | |0 0 |1 0 |2 ddc |4 0 |6 796_334000000000000_L504TH |7 0 |8 700 |9 102302 |a qbu |b qbu |c D5 |d 2015-12-14 |g 7000 |o 796.334 L504th |p 11541.c1 |r 0000-00-00 |w 2015-12-14 |y STK0 | ||
| 952 | |0 0 |1 0 |2 ddc |4 0 |6 796_334000000000000_L504TH |7 0 |8 700 |9 102303 |a qbu |b qbu |c D5 |d 2015-12-14 |g 7000 |o 796.334 L504th |p 11541.c2 |r 0000-00-00 |w 2015-12-14 |y STK0 | ||
| 952 | |0 0 |1 0 |2 ddc |4 0 |6 796_334000000000000_L504TH |7 0 |8 700 |9 102304 |a qbu |b qbu |c D5 |d 2015-12-14 |g 7000 |l 1 |m 1 |o 796.334 L504th |p 11541.c3 |r 2018-12-28 |s 2018-12-06 |w 2015-12-14 |y STK0 | ||
| 952 | |0 0 |1 0 |2 ddc |4 0 |6 796_334000000000000_L504TH |7 0 |8 700 |9 102305 |a qbu |b qbu |c D5 |d 2015-12-14 |g 7000 |o 796.334 L504th |p 11541.c4 |r 0000-00-00 |w 2015-12-14 |y STK0 | ||
| 952 | |0 0 |1 0 |2 ddc |4 0 |6 796_334000000000000_L504TH |7 0 |8 700 |9 102306 |a qbu |b qbu |c D5 |d 2015-12-14 |g 7000 |o 796.334 L504th |p 11541.c5 |r 0000-00-00 |w 2015-12-14 |y STK0 | ||